00736nam a2200193 a 450000100100000000500170001000800410002704000250006808200150009310000360010824500910014426000440023530000200027950000420029950000620034104900090040395201130041299900170052500003031520210622122544.0110509s1969 dr 000 0 spa d aDO-SdBNPbspacBNPHU axxxbD542d1 aDíaz Santana, Arismendi9134310aDesarrollo y descomposición de la economía dominicana /cArismendi Díaz Santana. aSanto DomingofImpresiones M. D.c1969. a36 p. ;c22 cm. aIncluye notas al pie de las páginas aIncluye datos biográficos del autor en la contraportada aBNPD 0010718PDaPDbPDcCTd2011-05-09iLF1l0oxxx D542dp30315-10r2020-06-25w2020-06-25yLFPDZNo se presta c29807d29807